Masson Trichrome Method - Statistics

General Stats
  • This quiz has been taken 4 times
    3 since last reset
  • The average score is 10 of 15
Answer Stats
Steps % Correct
Bouin's Solution
100%
Acetic Acid (1%)
67%
Alcohol (100%)
67%
Alcohol (100%)
67%
Alcohol (95%)
67%
Aniline Blue
67%
Biebrich Scarlet solution
67%
Clear
67%
Phosphomolybdic - Phosphotungstic Acid
67%
Water
67%
Water
67%
Water
67%
Water
67%
Weigert's Hematoxylin
67%
Mic Check
33%
No matching quizzes found
Score Distribution
Percent of People with Each Score
Percentile by Number Answered
Your Score History
You have not taken this quiz since the last reset